|
|
|
|
| LEADER |
01251nam a2200325 a 4500 |
| 001 |
33871 |
| 003 |
BD-DhAAL |
| 005 |
20211123113047.0 |
| 008 |
181021t2011 enka|||| |||| 00| 1 eng d |
| 999 |
|
|
|c 40089
|d 40089
|
| 020 |
|
|
|a 9781847082497
|
| 040 |
|
|
|a BD-DhAAL
|
| 082 |
|
|
|2 22
|a 813.6
|
| 100 |
|
|
|a Shteyngart, Gary
|9 28514
|
| 245 |
|
|
|a Super sad true love story /
|c Gary Shteyngart
|
| 246 |
|
|
|a Super sad true love story :
|b a novel /
|
| 260 |
|
|
|a London :
|b Granta,
|c 2011.
|
| 300 |
|
|
|a 331 pages :
|c 20 cm.
|
| 500 |
|
|
|a Fiction
|
| 520 |
|
|
|a A dark tale of America’s dysfunctional coming years, and of the timeless and tender feelings that just might bring us back from the brink.
|
| 526 |
|
|
|a ENH
|
| 541 |
|
|
|a Karim International
|e 33871
|
| 650 |
|
|
|a Books and reading
|v Fiction.
|9 28515
|
| 650 |
|
|
|a Janitors
|v Fiction.
|9 28516
|
| 650 |
|
|
|a College graduates
|v Fiction.
|9 28517
|
| 650 |
|
|
|a Social status
|v Fiction.
|9 28518
|
| 650 |
|
|
|a English literature
|9 43027
|
| 852 |
|
|
|a Ayesha Abed Library
|c General Stacks
|
| 942 |
|
|
|2 ddc
|c BK
|
| 952 |
|
|
|0 0
|1 0
|2 ddc
|4 0
|6 813_600000000000000_SHT
|7 0
|9 64476
|a BRACUL
|b BRACUL
|c GEN
|d 2018-10-15
|e Karim International
|g 816.00
|l 3
|m 38
|o 813.6 SHT
|p 3010033871
|r 2024-12-03
|s 2024-11-13
|t 1
|v 816.00
|w 2018-10-15
|y BK
|